| 000 | 01138nam0a2200325 4500 | ||
|---|---|---|---|
| 001 | RU\NLR\BIBL_A\012736020 | ||
| 005 | 20220511104112.0 | ||
| 010 |
_a978-5-00149-713-4 _9200 |
||
| 021 |
_aRU _bКН-П-21-081832 _9КН-П-21-6523 |
||
| 035 | _a(NLR Aleph) 012736020 | ||
| 035 | _a(RuMoRGB)010892255 | ||
| 090 |
_a12987444 _c12987444 |
||
| 100 | _a20220322d2021 u y0rusy50 ca | ||
| 101 | 0 | _arus | |
| 102 | _aRU | ||
| 105 | _aach|z|||000zy | ||
| 181 | 0 |
_ai3 _baxxe |
|
| 182 | 0 | _an | |
| 200 | 1 |
_aДомохозяйка - о жизни _eсборник эссе, блогерских заметок и зарисовок _fЕлена Ермошина |
|
| 203 |
_aТекст _bвизуальный _cнепосредственный |
||
| 210 |
_aМосква _cЭдитус _d2021 |
||
| 215 |
_a315, [2] с. _cил., портр., факс. _d21 |
||
| 333 | _a12+ | ||
| 686 | 2 | _aШ6(2=Р)8-46 | |
| 700 | 1 |
_aЕрмошина _bЕ. А. _gЕлена Александровна |
|
| 942 | _cBOOK | ||
| 980 | _aNB | ||